000 00526nam a2200193Ia 4500
005 20250508163328.0
008 008 250505s9999 xx 000 0 eng d
020 _a0-582-48583-5
037 _aTextual
040 _aFEDL
_beng
_cFEDL
041 _aeng
_2eng
084 _a371.1, BEN
_qFEDL
100 _aBennett Neville
_9772174
245 0 _aFocus on teaching
260 _aLondon, UK
_bLongmans, Green and Co.
_c1979
300 _aviii,257p.
942 _cTEXL
_h371.1, BEN
999 _c1382360
_d1382360